000 00404nam a2200157Ia 4500
008 210210b1985 xxu||||| |||| 00| 0 eng d
020 _a0 423 01300 9
082 _a793.8 ROYI
100 _aROY (Fergus) and ANDREWS (Val).
245 _aIllusions.
260 _aLondon
_bMethuen children''s books ltd.
_c1985
300 _a144
650 _aIllusions magic
690 _aIndoor Games
906 _a041678
999 _c91399
_d91399